| 000 | 00594cam a22002171i 4500 | ||
|---|---|---|---|
| 001 | he 65000564 | ||
| 003 | DLC | ||
| 005 | 20260227111430.0 | ||
| 008 | 860825s1964 is ch 000 0 yid | ||
| 010 | _ahe 65000564 | ||
| 035 | _a(OCoLC)19309294 | ||
| 040 |
_aDLC _cMH _dCU _dDLC |
||
| 042 | _apremarc | ||
| 050 | 0 | 0 |
_aPJ5129.O524 _bF8 |
| 100 | 1 | _aOlitsky, L. | |
| 245 | 1 | 0 |
_aFun eygenem feldz / _cL. Olitsḳi. |
| 260 |
_aTel-Aviv, _bL. Olitsḳi-ḳomiṭeṭ in Yiśroel, _c765 [1964] |
||
| 300 |
_a319 p. : _bfacsim., port. ; _c25 cm. |
||
| 500 | _aPoetry. | ||
| 752 |
_aIsrael _dTel Aviv |
||
| 999 |
_c31057 _d31057 |
||